[Event "Oberliga Nord W 1415"]
[Site "Germany"]
[Date "2015.03.15"]
[Round "8.2"]
[White "Lichmann, Peter"]
[Black "Hoffmann, Bernhard"]
[Result "1-0"]
[WhiteElo "2335"]
[BlackElo "2083"]
[PlyCount "83"]
[EventDate "2014.09.22"]
[EventType "team-tourn"]
[EventRounds "9"]
[EventCountry "GER"]
[SourceTitle "EXT 2016"]
[Source "ChessBase"]
[SourceDate "2015.10.08"]
[SourceVersion "1"]
[SourceVersionDate "2015.10.08"]
[SourceQuality "1"]
[WhiteTeam "Werder Bremen II"]
[BlackTeam "Hildesheim"]
[WhiteTeamCountry "GER"]
[BlackTeamCountry "GER"]

1. e4 c5 2. Nf3 e6 3. g3 Nc6 4. Bg2 Nf6 5. d3 d5 6. Nbd2 Be7 7. 0-0 Qc7 8. Re1 0-0 9. Qe2 Re8 10. e5 Nd7 11. Nf1 b5 12. h4 a5 13. N1h2 Ba6 14. h5 Nd4 15. Nxd4 cxd4 16. Bf4 Rac8 17. Rac1 Qc5 18. Qg4 Kh8 19. Nf3 Qb4 20. b3 Qc3 21. Bd2 Qc7 22. Qxd4 Ba3 23. Rcd1 Qxc2 24. h6 gxh6 25. Qa7 Ra8 26. Qe3 b4 27. Bf1 Rg8 28. Qxh6 Qc5 29. d4 Qf8 30. Qh4 Bxf1 31. Rxf1 Rc8 32. Bh6 Qd8 33. Bg5 Qf8 34. Kg2 Rg6 35. Rh1 Qg8 36. Rh3 Kg7 37. Rdh1 Kf8 38. Be7+ Ke8 39. Bd6 f6 40. Qxh7 Rg7 41. Qxg8+ Rxg8 42. Rh8 1-0

[Event "Oberliga Nord W 1415"]
[Site "Germany"]
[Date "2015.01.18"]
[Round "5.2"]
[White "Hoffmann, Bernhard"]
[Black "Silber, Henning"]
[Result "0-1"]
[WhiteElo "2112"]
[BlackElo "2267"]
[PlyCount "86"]
[EventDate "2014.09.22"]
[EventType "team-tourn"]
[EventRounds "9"]
[EventCountry "GER"]
[SourceTitle "EXT 2016"]
[Source "ChessBase"]
[SourceDate "2015.10.08"]
[SourceVersion "1"]
[SourceVersionDate "2015.10.08"]
[SourceQuality "1"]
[WhiteTeam "Hildesheim"]
[BlackTeam "Goettingen Tempo"]
[WhiteTeamCountry "GER"]
[BlackTeamCountry "GER"]

1. e4 e5 2. Nf3 Nc6 3. Bb5 Nd4 4. Bc4 Nxf3+ 5. Qxf3 Qf6 6. Qe2 Bc5 7. Nc3 Ne7 8. 0-0 d6 9. Na4 Bb6 10. Nxb6 axb6 11. d3 Be6 12. Bxe6 Qxe6 13. a3 0-0 14. f4 exf4 15. Bxf4 Ng6 16. Bd2 f5 17. Rae1 fxe4 18. Rxf8+ Rxf8 19. Qxe4 Qf6 20. Qe6+ Qxe6 21. Rxe6 Ne5 22. Bg5 h6 23. Bh4 Rc8 24. d4 Nc4 25. b3 Nxa3 26. c4 Nc2 27. Bf2 Ra8 28. h4 Kf7 29. Re2 Ra1+ 30. Kh2 Nb4 31. h5 Ra2 32. Rxa2 Nxa2 33. Be3 Nb4 34. Kg3 Nc2 35. Kf3 Na1 36. b4 Nc2 37. b5 Na3 38. c5 bxc5 39. dxc5 Nxb5 40. Ke4 Ke6 41. g4 dxc5 42. Bxc5 b6 43. Bf8 Nd6+ 0-1

[Event "Seefeld op 16th"]
[Site "Seefeld"]
[Date "2005.09.18"]
[Round "2"]
[White "Hoffmann, Bernhard"]
[Black "Sailer, Douglas"]
[Result "0-1"]
[WhiteElo "1950"]
[BlackElo "2224"]
[PlyCount "69"]
[EventDate "2005.09.17"]
[EventType "swiss"]
[EventRounds "9"]
[EventCountry "AUT"]
[SourceTitle "EXT 2007"]
[Source "ChessBase"]
[SourceDate "2006.11.23"]
[SourceVersion "1"]
[SourceVersionDate "2006.11.23"]
[SourceQuality "1"]

1. e4 e5 2. Nf3 Nc6 3. Bb5 Nf6 4. 0-0 Nxe4 5. Re1 Nd6 6. Bxc6 dxc6 7. Nxe5 Be7 8. d4 0-0 9. b3 Nf5 10. Bb2 Be6 11. c4 Re8 12. Qd3 Bd6 13. Nd2 f6 14. Nef3 Qd7 15. Re2 Bf7 16. Rae1 Bg6 17. Qc3 Rxe2 18. Rxe2 Re8 19. Rxe8+ Qxe8 20. c5 Bf4 21. g3 Bxd2 22. Qxd2 Qe4 23. Ne1 h5 24. f3 Qb1 25. d5 cxd5 26. Qxd5+ Kh7 27. Bc3 Qxa2 28. Qxb7 Ne3 29. Qb5 c6 30. Qxc6 Qe2 31. h4 Qf1+ 32. Kh2 Qf2+ 33. Kh1 Qxg3 34. Qd6 Qxh4+ 35. Kg1 0-1

[Event "Seefeld op 12th"]
[Site "Seefeld"]
[Date "2001.09.23"]
[Round "9"]
[White "Thoeny, Hermann"]
[Black "Hoffmann, Bernhard"]
[Result "1-0"]
[WhiteElo "2105"]
[BlackElo "1820"]
[PlyCount "51"]
[EventDate "2001.09.15"]
[EventType "swiss"]
[EventRounds "9"]
[EventCountry "AUT"]
[SourceTitle "EXT 2002"]
[Source "ChessBase"]
[SourceDate "2001.11.25"]
[SourceVersion "1"]
[SourceVersionDate "2001.11.25"]
[SourceQuality "1"]

1. Nf3 d5 2. d4 Nf6 3. c4 e6 4. g3 Be7 5. Bg2 0-0 6. 0-0 b6 7. Nc3 Bb7 8. Ne5 Nbd7 9. Qa4 Nxe5 10. dxe5 Ne8 11. cxd5 exd5 12. Rd1 c6 13. Qg4 Qc8 14. Qxc8 Rxc8 15. e4 Nc7 16. exd5 cxd5 17. Be3 Rfd8 18. Rac1 f5 19. Nxd5 Nxd5 20. Bxd5+ Bxd5 21. Rxc8 Rxc8 22. Rxd5 Rc2 23. Rd7 Kf8 24. Rxa7 Rxb2 25. e6 g5 26. Ra8+ 1-0

[Event "Seefeld op 12th"]
[Site "Seefeld"]
[Date "2001.09.18"]
[Round "4"]
[White "Hoffmann, Bernhard"]
[Black "Ballon, Guenther Jan"]
[Result "1/2-1/2"]
[WhiteElo "1820"]
[BlackElo "2233"]
[PlyCount "58"]
[EventDate "2001.09.15"]
[EventType "swiss"]
[EventRounds "9"]
[EventCountry "AUT"]
[SourceTitle "EXT 2002"]
[Source "ChessBase"]
[SourceDate "2001.11.25"]
[SourceVersion "1"]
[SourceVersionDate "2001.11.25"]
[SourceQuality "1"]

1. e4 e5 2. Nf3 Nc6 3. Bb5 g6 4. c3 a6 5. Ba4 d6 6. d4 Bd7 7. 0-0 Bg7 8. Bg5 Nf6 9. Nbd2 h6 10. Bxf6 Qxf6 11. d5 Nb8 12. c4 0-0 13. b4 Qe7 14. Bxd7 Nxd7 15. Qb3 Rfc8 16. Rac1 c5 17. dxc6 Rxc6 18. Ne1 Bf6 19. Nd3 Bg5 20. Rfd1 Rac8 21. g3 h5 22. a4 Qe6 23. f4 exf4 24. Nf3 Bf6 25. Nxf4 Qxe4 26. c5 Ne5 27. Nd4 R6c7 28. Nd5 Ng4 29. Nf3 Rc6 1/2-1/2

[Event "Seefeld op 12th"]
[Site "Seefeld"]
[Date "2001.09.15"]
[Round "1"]
[White "Tscharotschkin, Michael"]
[Black "Hoffmann, Bernhard"]
[Result "1-0"]
[WhiteElo "2222"]
[BlackElo "1820"]
[PlyCount "87"]
[EventDate "2001.09.15"]
[EventType "swiss"]
[EventRounds "9"]
[EventCountry "AUT"]
[SourceTitle "EXT 2002"]
[Source "ChessBase"]
[SourceDate "2001.11.25"]
[SourceVersion "1"]
[SourceVersionDate "2001.11.25"]
[SourceQuality "1"]

1. e4 e5 2. Nf3 Nc6 3. d4 exd4 4. Bc4 Nf6 5. 0-0 Nxe4 6. Re1 d5 7. Bxd5 Qxd5 8. Nc3 Qa5 9. Nxe4 Be6 10. Neg5 0-0-0 11. Nxe6 fxe6 12. Rxe6 Bd6 13. Bd2 Qh5 14. h3 Qf5 15. Re2 h6 16. Nh4 Qd5 17. Ng6 Rhg8 18. Re1 Kb8 19. Qg4 a6 20. Bf4 Rge8 21. Bxd6 Rxe1+ 22. Rxe1 Rxd6 23. a3 d3 24. Nf4 Qc5 25. cxd3 g5 26. Ne6 Qc2 27. Qf5 Qxd3 28. Qf8+ Nd8 29. Nxd8 Rxd8 30. Qxh6 Qd2 31. Re3 Qxb2 32. Qxg5 Rd1+ 33. Kh2 Qxf2 34. Re8+ Ka7 35. Qe3+ Qxe3 36. Rxe3 b5 37. h4 c5 38. h5 b4 39. h6 Rd6 40. h7 Rd8 41. axb4 cxb4 42. g4 Rh8 43. Re7+ Kb8 44. Rg7 1-0